Statistics for Name the Countries on this Map #1

Click here to take the quiz!

General Stats

  • This quiz has been taken 1,126 times
  • The average score is 19 of 22

Answer Stats

Country% Correct
Russia
99%
Finland
96%
Ukraine
96%
Estonia
95%
Latvia
95%
Poland
95%
Sweden
95%
Lithuania
94%
Belarus
92%
Hungary
91%
Romania
91%
Slovakia
91%
Moldova
88%
Austria
87%
Serbia
87%
Slovenia
86%
Norway
85%
Czech Republic
84%
Croatia
83%
Kazakhstan
77%
Bosnia and Herzegovina
76%
Uzbekistan
63%

Score Distribution

Percentile by Number Answered

Percent of People with Each Score

Your Score History

You have not taken this quiz